| 000 | 00877nam a22002657a 4500 | ||
|---|---|---|---|
| 005 | 20141222124110.0 | ||
| 008 | 141222r20092014ii adk fr2 001 0 eng d | ||
| 020 | _a9789351340164 | ||
| 020 | _a9351340163 | ||
| 040 | _aEG-ScBUE | ||
| 082 | 0 | 0 |
_222 _a621.56 _bARO |
| 100 | 1 |
_aArora, C. P. _919043 |
|
| 245 | 1 | 0 |
_aRefrigeration and air conditioning / _cC. P. Arora. |
| 250 |
_a3rd ed., _bb reprinted. |
||
| 260 |
_aNew Delhi : _bMcGraw-Hill Education (India) Private Limited, _cc.2009. |
||
| 300 |
_axxvi, 924 p. : _bcharts, forms, tables ; _c23 cm. |
||
| 500 | _aIncludes appendixes. | ||
| 500 | _aReprint of the 2009 ed. | ||
| 500 | _aIndex : p. 918-924. | ||
| 650 | 0 |
_aRefrigeration and refrigerating machinery _95821 |
|
| 650 | 0 |
_95822 _aAir conditioning |
|
| 653 |
_bENGMEC _cDecember2014 |
||
| 655 |
_vtext book _933728 |
||
| 942 |
_2ddc _k621.56 ARO |
||
| 999 |
_c18810 _d18782 |
||